Manažment výroby polygrafického priemyslu

Charakter manažmentu polygrafickej výroby. Obsahová a funkčná náplň manažmentu výroby. Polygrafická výroba - základné typy organizácie výroby. Štíhla výroba. Zákonitosti výrobného procesu. Postupný, paralelný a kombinovaný spôsob organizácie výroby. Výrobný harmonogram. Technické zabezpečenie údržby...

Description complète

Enregistré dans:
Détails bibliographiques
Auteur principal: Šíp, Roman
Format: Chapitre de livre
Langue:slovaque
Sujets:
Tags: Ajouter un tag
Pas de tags, Soyez le premier à ajouter un tag!

MARC

LEADER 00000nla a2200000 4500
001 0180444
005 20240910141020.6
041 0 |a slo 
044 |a SK 
245 1 0 |a Manažment výroby polygrafického priemyslu  |c Roman Šíp 
520 |a Charakter manažmentu polygrafickej výroby. Obsahová a funkčná náplň manažmentu výroby. Polygrafická výroba - základné typy organizácie výroby. Štíhla výroba. Zákonitosti výrobného procesu. Postupný, paralelný a kombinovaný spôsob organizácie výroby. Výrobný harmonogram. Technické zabezpečenie údržby strojov. 
610 2 0 |a priemysel polygrafický 
610 2 0 |a výroba 
610 2 0 |a riadenie výroby 
100 1 |a Šíp, Roman